क्रियात्मक गणित शिक्षण / (Record no. 18502)

MARC details
000 -LEADER
fixed length control field 01325nam a22002657a 4500
005 - DATE AND TIME OF LATEST TRANSACTION
control field 20081114100930.0
008 - FIXED-LENGTH DATA ELEMENTS--GENERAL INFORMATION
fixed length control field 081114t xxu||||| |||| 00| 0 hin d
010 ## - LCCN (DPL NO)
LC control number HIN-84957
020 ## - INTERNATIONAL STANDARD BOOK NUMBER
Terms of availability 400.00
035 ## - SYSTEM CONTROL NUMBER
System control number HN-57303
037 ## - SOURCE OF ACQUISITION
Source of stock number/acquisition DBAD / PUB
040 ## - CATALOGING SOURCE
Original cataloging agency DPL
Language of cataloging HN
082 ## - DEWEY DECIMAL CLASSIFICATION NUMBER
Classification number 372.7044
100 ## - MAIN ENTRY--PERSONAL NAME
Personal name धाकड़, परशुराम
245 ## - TITLE STATEMENT
Title क्रियात्मक गणित शिक्षण /
Statement of responsibility, etc परशुराम धाकड़ तथा शिल्पा त्रिवेदी
246 ## - VARYING FORM OF TITLE
Title proper/short title Kariyatamak Ganit Shikashan
Remainder of title by Parshuram Dhakad & Shilpa Trivedi
260 ## - PUBLICATION, DISTRIBUTION, ETC. (IMPRINT)
Place of publication, distribution, etc जयपुर
Name of publisher, distributor, etc साहित्यागार
Date of publication, distribution, etc 2008
270 ## - ADDRESS
Address 958, धामाणी मार्केट की गली, चौड़ा रास्ता
City जयपुर
Postal code 302003
300 ## - PHYSICAL DESCRIPTION
Extent 319 पृ
Dimensions 22सेमी (सजिल्द)
650 ## - SUBJECT ADDED ENTRY--TOPICAL TERM
Topical term or geographic name as entry element गणित
General subdivision अधययन और अध्यापन
650 ## - SUBJECT ADDED ENTRY--TOPICAL TERM
Topical term or geographic name as entry element Mathematics
General subdivision Study and teaching
700 ## - ADDED ENTRY--PERSONAL NAME
Personal name त्रिवेदी, शिल्पा
942 ## - ADDED ENTRY ELEMENTS (KOHA)
Source of classification or shelving scheme Dewey Decimal Classification
Item type Hindi Books
Call number suffix धाकड़
Classification part 372.7044
Holdings
Withdrawn status Lost status Source of classification or shelving scheme Damaged status Not for loan Home library Current library Date acquired Cost, normal purchase price Total Checkouts Full call number Barcode Date last seen Copy number Cost, replacement price Koha item type
    Dewey Decimal Classification   Not For Loan D.B.Act.Division D.B.Act.Division 17/11/2008 400.00   372.7044 धाकड़ HN-57303 17/11/2008 1 400.00 Hindi Books

© Delhi Public Library
Hit Counter
free hit counter